000 01409nam a22001937a 4500
008 150128b xxu||||| |||| 00| 0 eng d
022 _a9781405763868
050 _aKD310.H3413(5ed. vol.99)
245 _aHalsbury's laws of England: Lord Mackay of Clashfern: Lord High Chancellor of Great Britain (1987-97) vol 99. /
_cedited by Ian Pye
250 _a5ed. vol.6
260 _aLondon:
_bReed Elsevier,
_c2012.
300 _a818p.:
_c24cm.
440 _aHalsbury's laws of England lord mackay of clashfern lord high chancellor of great Britain(1987-97). /
_pValue added tax, weghts and measures
_vvol.99.
500 _aIncludes index.
505 _aContents: How to use Halsbury's laws of England -- References and abbreviations -- Table of statutes -- Table of statutory instruments -- Table of European Union legislation -- Tables cases -- Introduction -- Rate of value added tax -- The Charge to value added tax -- Exemptions and reliefs -- Special cases -- Accounting and assessment -- Diclosure of tax avoidance schemes -- Offences and penalities -- Enforcement and ancillary powers -- Appeals -- Weights and measures: Legislation -- Administration -- Units and standards of measurement -- Equipment for use for trade -- Public weighing or measuring equipment -- Transactions in goods -- Package goods -- Criminal proceedings.
700 _aFrancis Ward
700 _aAmanda Willis.
942 _2lcc
_cBK
999 _c5322
_d12822